000 00545nam a22001217a 4500
040 _cRUA
082 _aLMA CHE 2025 B701 Or.1
100 _aCHEANG PISETH, ជាង ពិសិដ្ឋ
245 _aStudy on land use master plan in areyksat town kandal province, សិក្សាពីការកសាងប្លង់គោលប្រើប្រាស់ដីនៅក្រុងអរិយក្សត្យ ខេត្តកណ្ដាល
260 _aPHNOM PENH
_bRUA
_c2025
300 _axii,51p.
_bill.
_c29cm.
942 _cLMA
999 _c25767
_d25767